Algebrai mini-konferencia Szegeden
Elmentve itt :
| Dokumentumtípus: | Cikk |
|---|---|
| Megjelent: |
1974-08-27
|
| Sorozat: | Délmagyarország
64 No. 199 |
| Kulcsszavak: | tanácskozások, pályázatok |
| Online Access: | http://dmarchiv.bibl.u-szeged.hu/118959 |
| LEADER | 00420nab a2200145 i 4500 | ||
|---|---|---|---|
| 001 | delm118959 | ||
| 005 | 20190412094026.0 | ||
| 008 | 190412s1974 hu o 0|| hun d | ||
| 040 | |a SZTE Délmagyarország Archívum |b hun | ||
| 041 | |a hun | ||
| 245 | 0 | 0 | |a Algebrai mini-konferencia Szegeden |h [elektronikus dokumentum] |
| 260 | |c 1974-08-27 | ||
| 300 | |a 5 | ||
| 490 | 0 | |a Délmagyarország |v 64 No. 199 | |
| 695 | |a tanácskozások, pályázatok | ||